[Event "Lansing (MI Op/2/21)"]
[Site "?"]
[Date "1987.??.??"]
[Round "?"]
[White "Turner, Darrell"]
[Black "Norcross, John"]
[Result "0-1"]
[WhiteElo "1905"]
[BlackElo "2115"]
[PlyCount "42"]
[EventDate "1987.??.??"]

{2/(21)} 1. e4 e5 2. Nf3 Nc6 3. Bb5 f5 4. Nc3 fxe4 5. Nxe4 Nf6 6. Nxf6+ Qxf6 7.
O-O Bc5 8. Bxc6 dxc6 9. Nxe5 Qxe5 10. Re1 Bxf2+ 11. Kxf2 O-O+ 12. Kg1 Qd4+ 13.
Kh1 Bg4 14. c3 Qf2 15. Qb3+ Kh8 16. Rg1 Rae8 17. h3 Bxh3 18. c4 Bf5 19. Rd1 Be4
20. Qh3 Rf4 21. d3 Bxg2+ 0-1

[Event "Hazel Park (MCO/2/29)"]
[Site "?"]
[Date "1987.??.??"]
[Round "?"]
[White "Turner, Darrell"]
[Black "McGee, T.."]
[Result "0-1"]
[WhiteElo "1905"]
[BlackElo "1605"]
[PlyCount "65"]
[EventDate "1987.??.??"]

{2/(29)} 1. e4 g5 2. d4 e6 3. Qh5 h6 4. e5 c5 5. Nf3 Bg7 6. Nbd2 d6 7. Nc4 dxe5
8. dxe5 Qc7 9. Nd6+ Kf8 10. Be3 b6 11. Bc4 Nc6 12. Rd1 Nxe5 13. Nxe5 Bxe5 14.
Qf3 Rb8 15. Nxc8 Rxc8 16. Bxe6 Nf6 17. Bxc8 Qxc8 18. b3 Kg7 19. Qe2 Bc3+ 20.
Kf1 Ng4 21. Qd3 Be5 22. Qd7 Qa6+ 23. c4 Nxe3+ 24. fxe3 Qxa2 25. Qf5 Bf6 26. Rd6
Qb2 27. Qd3 Re8 28. g3 Re5 29. Rd7 g4 30. Qe2 Qb1+ 31. Kg2 Qe4+ 32. Kg1 Bg5 33.
h4 0-1

[Event "Lansing (MI Op/7/26)"]
[Site "?"]
[Date "1987.??.??"]
[Round "?"]
[White "Turner, Darrell"]
[Black "Lynch, W.."]
[Result "1-0"]
[WhiteElo "1905"]
[BlackElo "1795"]
[PlyCount "37"]
[EventDate "1987.??.??"]

{7/(26)} 1. e4 c5 2. Nf3 d6 3. d4 cxd4 4. Nxd4 Nf6 5. Nc3 a6 6. Bg5 e6 7. f4
Nbd7 8. Qf3 Qc7 9. O-O-O b5 10. f5 Ne5 11. Qh3 Ke7 12. g4 Bb7 13. fxe6 fxe6 14.
Nf5+ Kd7 15. Bxb5+ axb5 16. Nxb5 Qc5 17. Nfxd6 Bxd6 18. Nxd6 Ke7 19. Nxb7 1-0

[Event "Hazel Park (MCO/2/33)"]
[Site "?"]
[Date "1987.??.??"]
[Round "?"]
[White "Turner, Darrell"]
[Black "Levadi, David"]
[Result "0-1"]
[WhiteElo "1605"]
[BlackElo "1800"]
[PlyCount "62"]
[EventDate "1987.??.??"]

{2/(33)} 1. d4 d5 2. Nf3 Nf6 3. e3 Bf5 4. Nc3 e6 5. Bb5+ c6 6. Be2 h6 7. O-O
Nbd7 8. Bd3 Ne4 9. Nd2 Nxc3 10. bxc3 Bxd3 11. cxd3 Be7 12. e4 O-O 13. Nf3 Qa5
14. Qc2 Rac8 15. Rb1 b5 16. e5 Nb6 17. Rb3 Rc7 18. Nd2 Qa6 19. Nb1 Qc8 20. Qe2
Qd7 21. Qg4 Kh7 22. Re1 c5 23. Re3 f5 24. Qh4 Bxh4 25. g3 cxd4 26. cxd4 Rxc1+
27. Kg2 f4 28. gxh4 fxe3 29. fxe3 Rc2+ 30. Kh3 Qf7 31. Nc3 Qf3# 0-1

[Event "Hazel Park (MCO/4/28)"]
[Site "?"]
[Date "1987.??.??"]
[Round "?"]
[White "Turner, Darrell"]
[Black "Griffin, John"]
[Result "1/2-1/2"]
[WhiteElo "1905"]
[BlackElo "1620"]
[PlyCount "98"]
[EventDate "1987.??.??"]

{4/(28)} 1. e4 c5 2. Nf3 Nc6 3. d4 cxd4 4. Nxd4 Nf6 5. Nc3 e5 6. Nf5 d5 7. exd5
Bxf5 8. dxc6 Qxd1+ 9. Nxd1 bxc6 10. Ne3 Be6 11. Ba6 Bc8 12. Bxc8 Rxc8 13. O-O
Bc5 14. Nc4 Nd7 15. Rd1 Ke7 16. a3 Rhd8 17. Be3 Bxe3 18. Nxe3 g6 19. b4 Nb6 20.
Kf1 a6 21. a4 Rxd1+ 22. Rxd1 Ke6 23. c4 Nxa4 24. Ra1 Nb2 25. Rxa6 Nd3 26. b5
Nc5 27. Ra7 cxb5 28. cxb5 Rb8 29. Ra5 f5 30. b6 Nd7 31. Nc4 Rb7 32. Ra7 Nc5 33.
Ke2 Kd5 34. Rxb7 Nxb7 35. Kd3 Nc5+ 36. Kc3 Kc6 37. f3 Na4+ 38. Kd3 Nxb6 39.
Nxe5+ Kd5 40. Nf7 Nd7 41. Ke3 Ne5 42. Nh6 Nc4+ 43. Kf4 Ke6 44. Kg5 Ne3 45. g4
Nf1 46. h3 Nh2 47. gxf5+ gxf5 48. Kf4 Kf6 49. h4 Kg6 1/2-1/2

[Event "Lansing (MI Op/5/19)"]
[Site "?"]
[Date "1987.??.??"]
[Round "?"]
[White "Turner, Darrell"]
[Black "Feldstein, R.."]
[Result "1/2-1/2"]
[WhiteElo "1905"]
[BlackElo "2030"]
[PlyCount "131"]
[EventDate "1987.??.??"]

{5/(19)} 1. e4 Nf6 2. e5 Nd5 3. Nf3 c5 4. Bc4 Nb6 5. d3 Nxc4 6. dxc4 Nc6 7. O-O
g6 8. Nc3 Bg7 9. Bf4 O-O 10. Qd2 Qb6 11. Na4 Qb4 12. Qxb4 cxb4 13. c3 f6 14.
cxb4 fxe5 15. Bd2 Nd4 16. Ng5 b5 17. cxb5 d5 18. Nc5 h6 19. Nf3 Nxf3+ 20. gxf3
Bh3 21. Rfe1 Rxf3 22. Re3 Raf8 23. Rxf3 Rxf3 24. a4 e4 25. Ra3 Bxb2 26. Rxf3
exf3 27. a5 Be5 28. b6 axb6 29. axb6 g5 30. b7 d4 31. Na6 Bd7 32. b8=Q+ Bxb8
33. Nxb8 Bb5 34. h4 gxh4 35. Bxh6 e5 36. Bg5 h3 37. Bf6 d3 38. Bg5 Kf7 39. Kh2
Ke6 40. Kxh3 Kd5 41. Kg3 Kc4 42. Bd2 e4 43. Kf4 Kd4 44. Be1 Kd5 45. Ke3 Kd6 46.
Bd2 Kc7 47. Kxe4 Kxb8 48. Kxf3 Kc7 49. Ke4 Kd6 50. Kd4 Ba6 51. f4 Bb5 52. Be3
Ba6 53. Ke4 Ke6 54. Bd2 Bb5 55. Bc3 Ba6 56. f5+ Kf7 57. Ke5 Bb5 58. Bd2 Ba6 59.
Bc3 Bb5 60. Kd5 Ba6 61. Ke4 Bb5 62. Ke5 Ba6 63. Kd5 Bc8 64. Kd6 Bxf5 65. b5 Be4
66. Kc7 1/2-1/2

[Event "Hazel Park (MCO/4/48)"]
[Site "?"]
[Date "1987.??.??"]
[Round "?"]
[White "Turner, Darrell"]
[Black "Endres, John"]
[Result "0-1"]
[WhiteElo "1605"]
[BlackElo "1605"]
[PlyCount "70"]
[EventDate "1987.??.??"]

{4/(48)} 1. e4 e6 2. d4 d5 3. Nc3 Bb4 4. a3 Bxc3+ 5. bxc3 dxe4 6. Bf4 f5 7. Bc4
Nf6 8. Ne2 Nc6 9. O-O Ne7 10. h3 Bd7 11. a4 O-O 12. Qd2 Rc8 13. Qe3 Ned5 14.
Qg3 Nh5 15. Qh2 Qf6 16. Ng3 Nhxf4 17. Nh5 Nxh5 18. g4 Qg5 19. Rfe1 Nxc3 20. Re3
Nd5 21. Re2 Nhf4 22. Rae1 Nxe2+ 23. Rxe2 Qc1+ 24. Kg2 Nf4+ 25. Kg3 Nxe2+ 26.
Bxe2 Qxc2 27. Bf1 Qc3+ 28. Kg2 Qxd4 29. a5 e3 30. fxe3 Bc6+ 31. Kg1 Qxe3+ 32.
Qf2 Qxf2+ 33. Kxf2 fxg4+ 34. Ke1 Rxf1+ 35. Kxf1 gxh3 0-1

[Event "Lansing (MI Op/4/18)"]
[Site "?"]
[Date "1987.??.??"]
[Round "?"]
[White "Turner, Darrell"]
[Black "Bohley, D.."]
[Result "1/2-1/2"]
[WhiteElo "1905"]
[BlackElo "2090"]
[PlyCount "148"]
[EventDate "1987.??.??"]

{4/(18)} 1. e4 e5 2. Nf3 Nc6 3. Bb5 Nd4 4. Nxd4 exd4 5. d3 Ne7 6. O-O c6 7. Bc4
d5 8. exd5 cxd5 9. Bb5+ Nc6 10. Qe2+ Be7 11. Qe5 O-O 12. Bxc6 bxc6 13. Qxd4 c5
14. Qf4 Bd6 15. Qg5 Qc7 16. Qh4 f5 17. Nc3 Qb7 18. Ne2 Bd7 19. Nf4 Rae8 20. Rb1
Rf6 21. Nh5 Rg6 22. f3 Qc7 23. Bf4 Re2 24. Rf2 Re8 25. Bxd6 Qxd6 26. Qf4 Qa6
27. a3 Qa5 28. Qd2 Qc7 29. Re1 Rb6 30. Rxe8+ Bxe8 31. Qf4 Qe7 32. Ng3 Rf6 33.
Qd2 f4 34. Ne2 g5 35. Nc3 Bf7 36. Re2 Qd7 37. Qe1 Kf8 38. Qf2 Qd6 39. Nb5 Qb6
40. c4 d4 41. b4 Bg6 42. Re5 cxb4 43. axb4 Bxd3 44. Qxd4 Bxc4 45. Qc5+ Qxc5+
46. Rxc5 Bxb5 47. Rxb5 Rb6 48. Rf5+ Ke8 49. Rxg5 Rxb4 50. h4 Kf7 51. Ra5 Kg6
52. Rxa7 h6 53. Kh2 Rc4 54. Ra5 Rb4 55. Kh3 Rc4 56. h5+ Kh7 57. Ra7+ Kh8 58.
Kg4 Rc2 59. Kxf4 Rxg2 60. Kf5 Rg3 61. f4 Rg8 62. Ra6 Kh7 63. Ra7+ Kh8 64. Kf6
Rg2 65. Re7 Rg1 66. Re8+ Kh7 67. Re3 Rg2 68. f5 Rg1 69. Re4 Rg2 70. Re8 Rg1 71.
Ke6 Re1+ 72. Kf7 Rh1 73. f6 Rf1 74. Ke7 Rxf6 1/2-1/2

[Event "Allendale (MI Am/5/14)"]
[Site "?"]
[Date "1987.??.??"]
[Round "?"]
[White "Truitt, G.."]
[Black "Keeley, G.."]
[Result "1/2-1/2"]
[WhiteElo "1605"]
[BlackElo "1605"]
[PlyCount "135"]
[EventDate "1987.??.??"]

{5/(14)} 1. e4 e5 2. Nf3 Nc6 3. Bb5 a6 4. Ba4 Nf6 5. d3 b5 6. Bb3 d5 7. Nc3
dxe4 8. dxe4 Qxd1+ 9. Kxd1 Bg4 10. Be3 b4 11. Nd5 Nxd5 12. Bxd5 Rd8 13. Ke1 Nd4
14. Bxd4 exd4 15. Rd1 c5 16. Bxf7+ Ke7 17. Bd5 Be6 18. Bxe6 Kxe6 19. Ke2 h6 20.
Rd3 Bd6 21. g3 Rhe8 22. Nd2 g5 23. Nc4 Kd7 24. Nd2 Bc7 25. c3 Kc6 26. cxd4 cxd4
27. Rc1+ Kb7 28. Rc4 a5 29. Rcxd4 Rxd4 30. Rxd4 Be5 31. Nc4 Bxd4 32. Nd6+ Kc6
33. Nxe8 Bxb2 34. f4 gxf4 35. gxf4 a4 36. e5 Bxe5 37. fxe5 Kd5 38. Nf6+ Kxe5
39. Ng4+ Kd5 40. Kd2 b3 41. a3 h5 42. Nf2 b2 43. Kc2 Kc4 44. Nd3 b1=Q+ 45. Kxb1
Kxd3 46. Kb2 Ke3 47. Kc3 Kf3 48. Kb4 h4 49. Kxa4 Kg2 50. Kb5 Kxh2 51. a4 Kg1
52. a5 h3 53. a6 h2 54. a7 h1=Q 55. Kb6 Qh6+ 56. Kb7 Qg7+ 57. Ka8 Qf8+ 58. Kb7
Qe7+ 59. Kb8 Qd8+ 60. Kb7 Qd5+ 61. Kb8 Qb5+ 62. Ka8 Qc6+ 63. Kb8 Qd6+ 64. Kb7
Qd7+ 65. Kb8 Qd6+ 66. Kb7 Qb4+ 67. Ka8 Qa5 68. Kb7 1/2-1/2

[Event "Allendale (MI Am/2/14)"]
[Site "?"]
[Date "1987.??.??"]
[Round "?"]
[White "Truitt, G.."]
[Black "Dangremond, Leonard"]
[Result "0-1"]
[WhiteElo "1605"]
[BlackElo "1995"]
[PlyCount "117"]
[EventDate "1987.??.??"]

{2/(14)} 1. e4 e5 2. Nf3 Nc6 3. Bb5 a6 4. Ba4 Nf6 5. d3 d6 6. Nc3 Be7 7. h3 O-O
8. Bb3 Be6 9. Bxe6 fxe6 10. Qe2 Nd4 11. Nxd4 exd4 12. Nb1 e5 13. Nd2 b5 14. Nf1
Rf7 15. Bd2 c5 16. Ng3 g6 17. O-O Bf8 18. f4 exf4 19. Bxf4 Nd7 20. Rf3 Ne5 21.
Bxe5 Rxf3 22. Qxf3 dxe5 23. Rf1 Qe7 24. Qg4 Bg7 25. h4 Re8 26. h5 Qe6 27. Qxe6+
Rxe6 28. hxg6 hxg6 29. Rf3 Bh6 30. Kf2 c4 31. Ne2 Rc6 32. c3 Be3+ 33. Ke1 cxd3
34. Ng3 dxc3 35. bxc3 d2+ 36. Kd1 Rxc3 37. Rxe3 Rxe3 38. Nf1 Re1+ 39. Kxd2 Rxf1
40. Ke2 Ra1 41. Kf3 Rxa2 42. g3 Kf7 43. Kg4 Kf6 44. Kh4 Re2 45. g4 Rxe4 46. Kg3
Kg5 47. Kf3 Rd4 48. Kg3 Rd3+ 49. Kf2 Kxg4 50. Ke2 Ra3 51. Kd2 Kf4 52. Ke2 b4
53. Kd2 Ke4 54. Kc2 Kd4 55. Kb2 Kc4 56. Kc2 Ra2+ 57. Kb1 Rh2 58. Ka1 Kb3 59.
Kb1 0-1

[Event "Lansing (MI Op/4/20)"]
[Site "?"]
[Date "1987.??.??"]
[Round "?"]
[White "Triplett, Thomas"]
[Black "Lang, J.."]
[Result "0-1"]
[WhiteElo "1875"]
[BlackElo "2080"]
[PlyCount "86"]
[EventDate "1987.??.??"]

{4/(20)} 1. e4 e5 2. Nf3 Nc6 3. Bb5 a6 4. Ba4 d6 5. c3 Bd7 6. d3 h6 7. Nbd2
Nge7 8. Bb3 g5 9. h3 Bg7 10. Nf1 Ng6 11. Ng3 g4 12. hxg4 Bxg4 13. Nf5 Bxf5 14.
exf5 Nf4 15. Bxf4 exf4 16. Qd2 Ne5 17. Nxe5 dxe5 18. Qe2 Qg5 19. Qe4 O-O 20. f3
c6 21. O-O-O Rad8 22. Rdg1 Rd6 23. Kb1 Rfd8 24. Bc2 b5 25. Rh3 c5 26. g4 Qe7
27. Rh5 f6 28. Rh2 a5 29. Qe1 a4 30. a3 Rb8 31. Qh4 b4 32. axb4 cxb4 33. cxb4
Rxb4 34. Qh5 a3 35. b3 a2+ 36. Kxa2 Qa7+ 37. Kb2 Qd4+ 38. Kc1 Qxg1+ 39. Kd2
Qe3+ 40. Kc3 Rb8 41. Qg6 Rc6+ 42. Kb2 Qd4+ 43. Kb1 Qg1+ 0-1

[Event "Lansing (MI Op/2/22)"]
[Site "?"]
[Date "1987.??.??"]
[Round "?"]
[White "Triplett, Thomas"]
[Black "Kitts, Gary"]
[Result "0-1"]
[WhiteElo "1875"]
[BlackElo "2090"]
[PlyCount "50"]
[EventDate "1987.??.??"]

{2/(22)} 1. e4 Nf6 2. e5 Nd5 3. d4 d6 4. Nf3 Bg4 5. Be2 Nc6 6. c4 Nb6 7. exd6
cxd6 8. d5 Bxf3 9. Bxf3 Ne5 10. b3 g6 11. Nc3 Bg7 12. Bb2 Nxf3+ 13. Qxf3 O-O
14. Qe2 a6 15. O-O Nd7 16. Ne4 Bxb2 17. Qxb2 b5 18. cxb5 axb5 19. Rfc1 Ne5 20.
Rc3 b4 21. Rh3 Qd7 22. Qd2 Qxh3 23. f4 Qd3 24. Qe1 Ng4 25. Nf2 Qd4 0-1

[Event "Lansing (MI Op/7/22)"]
[Site "?"]
[Date "1987.??.??"]
[Round "?"]
[White "Triplett, Thomas"]
[Black "Golonka, Stan"]
[Result "0-1"]
[WhiteElo "1875"]
[BlackElo "1985"]
[PlyCount "108"]
[EventDate "1987.??.??"]

{7/(22)} 1. e4 c5 2. Nf3 Nc6 3. d4 cxd4 4. Nxd4 e5 5. Nb3 Nf6 6. Nc3 Bb4 7. Bd3
d5 8. exd5 Nxd5 9. Bd2 Bxc3 10. bxc3 O-O 11. O-O f5 12. Qh5 Nf6 13. Bg5 Nxh5
14. Bxd8 Rxd8 15. Rad1 Nf6 16. Bc4+ Kf8 17. Rxd8+ Nxd8 18. Na5 b6 19. Rd1 Ke7
20. Nb3 Be6 21. Be2 Ne4 22. Bf3 Nxc3 23. Re1 e4 24. Nd4 exf3 25. Nxf3 Kf6 26.
a3 Nc6 27. Nd2 Rd8 28. Nf3 Rd1 29. Rxd1 Nxd1 30. Kf1 Ne5 31. Nd4 Nc3 32. Ke1
Nc4 33. f3 Nxa3 34. f4 Bd5 35. g3 Nab5 36. Kd2 Nxd4 37. Kxc3 Nc6 38. Kb2 Bc4
39. c3 b5 40. Kc2 Ke6 41. h3 Kd5 42. g4 fxg4 43. hxg4 Ke4 44. f5 h6 45. f6 gxf6
46. g5 hxg5 47. Kb2 a5 48. Ka3 Kd3 49. Kb2 f5 50. Ka3 f4 51. Kb2 f3 52. Ka3 f2
53. Kb2 f1=Q 54. Ka3 Qc1# 0-1

[Event "Lansing (MI Op/6/26)"]
[Site "?"]
[Date "1987.??.??"]
[Round "?"]
[White "Triplett, Thomas"]
[Black "Boes, Jeff"]
[Result "1-0"]
[WhiteElo "1875"]
[BlackElo "1905"]
[PlyCount "137"]
[EventDate "1987.??.??"]

{6/(26)} 1. e4 d5 2. exd5 Qxd5 3. Nc3 Qa5 4. d4 Nf6 5. Nf3 Bg4 6. Be2 Nc6 7.
O-O O-O-O 8. Be3 e6 9. h3 Bh5 10. a3 Nd5 11. Nxd5 Qxd5 12. Ne5 Bxe2 13. Qxe2
Nxe5 14. dxe5 Qxe5 15. Qc4 Qd5 16. Qa4 Bc5 17. c4 Qd6 18. b4 Bxe3 19. fxe3 Kb8
20. Rxf7 Qd3 21. Rf3 Qxc4 22. Rd1 b5 23. Rxd8+ Rxd8 24. Qa6 Qd5 25. a4 bxa4 26.
Qxa4 Qd1+ 27. Qxd1 Rxd1+ 28. Kf2 Kc8 29. Rf7 Rd7 30. Rf8+ Kb7 31. Re8 Kb6 32.
Rxe6+ Kb5 33. Re4 c6 34. Ke2 Ka4 35. Rc4 Kb5 36. Re4 Ka4 37. Rc4 Rd6 38. Re4 a6
39. Rc4 Kb3 40. Rh4 h6 41. Re4 Kc3 42. g4 g5 43. Ke1 Kd3 44. Re8 Kc4 45. Re4+
Kc3 46. Ke2 c5 47. bxc5 Rc6 48. Ra4 Kb3 49. Ra1 Kb4 50. e4 Kxc5 51. Ke3 Rb6 52.
Ra3 Kb4 53. Rd3 Re6 54. Rd8 a5 55. Kd4 a4 56. Ra8 a3 57. e5 Rb6 58. Kd5 Kb3 59.
e6 Rb5+ 60. Kd6 Rb6+ 61. Ke5 Rb5+ 62. Kf6 Rb4 63. e7 Rb6+ 64. Kf7 Rb7 65. Kf8
Rxe7 66. Kxe7 a2 67. Kf7 Kb2 68. Kg6 a1=Q 69. Rxa1 1-0

[Event "Hazel Park (MCO/2/28)"]
[Site "?"]
[Date "1987.??.??"]
[Round "?"]
[White "Traves, W.."]
[Black "Nikolovski, Oliver"]
[Result "0-1"]
[WhiteElo "1775"]
[BlackElo "1940"]
[PlyCount "34"]
[EventDate "1987.??.??"]

{2/(28)} 1. e4 e6 2. d4 d5 3. Nd2 Nf6 4. e5 Nfd7 5. f4 c5 6. c3 Nc6 7. Ndf3
cxd4 8. cxd4 Nb6 9. Bd2 Bd7 10. Rc1 a5 11. a3 a4 12. Ne2 Nc4 13. Qc2 Qb6 14. g4
Qxb2 15. Nc3 Qxc2 16. Rxc2 Nxa3 17. Ra2 Nb4 0-1

[Event "Hazel Park (MCO/4/41)"]
[Site "?"]
[Date "1987.??.??"]
[Round "?"]
[White "Traves, W.."]
[Black "Cowan, W.."]
[Result "1-0"]
[WhiteElo "1775"]
[BlackElo "1605"]
[PlyCount "61"]
[EventDate "1987.??.??"]

{4/(41)} 1. e4 c5 2. Nc3 d6 3. f4 Nf6 4. Nf3 e6 5. d3 a6 6. a4 Be7 7. g3 Nc6 8.
Ne2 Qa5+ 9. Bd2 Qb6 10. Qc1 O-O 11. Bg2 Bd7 12. h3 Rac8 13. Be3 Qc7 14. O-O Na5
15. b3 Nc6 16. Qd1 Na5 17. c3 Nc6 18. g4 h6 19. f5 e5 20. Ng3 Qa5 21. Qd2 Kh7
22. g5 hxg5 23. Nxg5+ Kh8 24. Qe2 g6 25. Bd2 Qb6 26. h4 Nh7 27. Nxh7 Kxh7 28.
f6 Bd8 29. Qe3 Kh8 30. Qh6+ Kg8 31. Qg7# 1-0

[Event "Hazel Park (MCO/6/19)"]
[Site "?"]
[Date "1987.??.??"]
[Round "?"]
[White "Traves, W.."]
[Black "Burg, Dan"]
[Result "0-1"]
[WhiteElo "1775"]
[BlackElo "1885"]
[PlyCount "68"]
[EventDate "1987.??.??"]

{6/(19)} 1. e4 e5 2. f4 exf4 3. Nf3 g5 4. h4 g4 5. Ne5 h5 6. Bc4 Nh6 7. d4 d6
8. Nd3 Qe7 9. Qe2 Nc6 10. Nc3 f3 11. gxf3 gxf3 12. Qxf3 Nxd4 13. Qf2 Ne6 14.
Nd5 Ng4 15. Qg3 Qd8 16. Bg5 Nxg5 17. hxg5 Bg7 18. Rf1 c6 19. N5f4 Qxg5 20.
Bxf7+ Kd8 21. Ng6 Qe3+ 22. Qxe3 Nxe3 23. Rf2 Rh6 24. c3 Bd7 25. Ke2 Ng4 26. Rg2
Kc7 27. Rd1 Be8 28. e5 Bxf7 29. exd6+ Kd7 30. Nc5+ Ke8 31. d7+ Kd8 32. Nxb7+
Kc7 33. d8=Q+ Rxd8 34. Nxd8 Bc4+ 0-1

[Event "Hazel Park (MCO/3/47)"]
[Site "?"]
[Date "1987.??.??"]
[Round "?"]
[White "Tracz, J.."]
[Black "Sturgis, Derreck"]
[Result "1-0"]
[WhiteElo "1605"]
[BlackElo "1605"]
[PlyCount "37"]
[EventDate "1987.??.??"]

{3/(47)} 1. d4 d5 2. c4 e6 3. cxd5 exd5 4. Nc3 Nf6 5. Bg5 Bb4 6. e3 O-O 7. Bd3
Nbd7 8. Nge2 c5 9. Qc2 Re8 10. O-O-O cxd4 11. Bxh7+ Kf8 12. Rxd4 Qc7 13. Rxb4
g6 14. Bxg6 fxg6 15. Qxg6 Ne4 16. Bh6+ Ke7 17. Kb1 Nxc3+ 18. Nxc3 Ne5 19. Nxd5+
1-0

[Event "Hazel Park (MCO/5/28)"]
[Site "?"]
[Date "1987.??.??"]
[Round "?"]
[White "Tracz, J.."]
[Black "Steen, Harold"]
[Result "0-1"]
[WhiteElo "1605"]
[BlackElo "1795"]
[PlyCount "72"]
[EventDate "1987.??.??"]

{5/(28)} 1. d4 d6 2. c4 Nf6 3. Nc3 g6 4. e4 Bg7 5. Nge2 Nbd7 6. Ng3 c5 7. d5
O-O 8. Be2 Nb6 9. Be3 e6 10. Qd2 a6 11. Bh6 Qc7 12. Bxg7 Kxg7 13. O-O-O Rd8 14.
h4 h5 15. b3 Qe7 16. Qg5 Kf8 17. Bf3 e5 18. Qh6+ Ke8 19. Qh8+ Kd7 20. Qh6 Kc7
21. Qg5 Bd7 22. Be2 a5 23. Rdf1 Re8 24. f4 Nh7 25. Qxe7 Rxe7 26. fxe5 dxe5 27.
Rf2 a4 28. Kb2 axb3 29. axb3 f6 30. Rhf1 Nc8 31. Bd1 Nd6 32. Nge2 b5 33. Ng1
bxc4 34. Nf3 Rb8 35. Nd2 cxb3 36. Bxb3 c4 0-1

[Event "Hazel Park (MCO/1/17)"]
[Site "?"]
[Date "1987.??.??"]
[Round "?"]
[White "Tracz, J.."]
[Black "Johnson, Richard"]
[Result "0-1"]
[WhiteElo "1605"]
[BlackElo "2030"]
[PlyCount "67"]
[EventDate "1987.??.??"]

{1/(17)} 1. d4 Nf6 2. c4 e6 3. Nc3 Bb4 4. Bg5 h6 5. Bh4 d5 6. e3 b6 7. cxd5
Qxd5 8. Bxf6 Bxc3+ 9. bxc3 gxf6 10. Nf3 Bb7 11. Bd3 Rg8 12. O-O Qh5 13. e4 f5
14. Re1 Nd7 15. Nd2 Qg5 16. g3 O-O-O 17. exf5 exf5 18. Nf3 Qf6 19. Ne5 Nxe5 20.
Rxe5 f4 21. Be4 Bxe4 22. Rxe4 fxg3 23. fxg3 Rde8 24. Qe2 Qc6 25. Re1 Qxe4 26.
Qxe4 Rxe4 27. Rxe4 Rg6 28. Kf2 Rc6 29. Re3 b5 30. Kf3 Ra6 31. Re2 Ra3 32. Re7
Rxc3+ 33. Ke4 Rc2 34. a3 0-1

[Event "Hazel Park (MCO/3/15)"]
[Site "?"]
[Date "1987.??.??"]
[Round "?"]
[White "Towsley, J.."]
[Black "Wilson, Vester"]
[Result "0-1"]
[WhiteElo "1750"]
[BlackElo "2060"]
[PlyCount "110"]
[EventDate "1987.??.??"]

{3/(15)} 1. Nf3 Nf6 2. g3 c5 3. c4 e6 4. Bg2 d5 5. cxd5 exd5 6. O-O d4 7. d3
Nc6 8. Bg5 Be7 9. Bxf6 Bxf6 10. Nbd2 Bf5 11. Rc1 Qe7 12. Nb3 O-O 13. Rxc5 Be6
14. Rc1 Qb4 15. Nc5 Rfe8 16. Nxe6 Rxe6 17. Rc2 Rae8 18. Bh3 R6e7 19. Re1 Qb5
20. a3 Qh5 21. Bg2 h6 22. b4 a6 23. Rc5 Qg4 24. h3 Qe6 25. Qc2 Qd7 26. Kf1 Na7
27. Nd2 Nb5 28. Rd5 Qe6 29. Ne4 Nxa3 30. Qb2 Nb5 31. e3 dxe3 32. Nxf6+ Qxf6 33.
Qxf6 gxf6 34. fxe3 b6 35. Rf5 Kg7 36. Bc6 Nd4 37. Bxe8 Nxf5 38. Bc6 Rxe3 39.
Rxe3 Nxe3+ 40. Ke2 Nc2 41. b5 Nd4+ 42. Ke3 Nxb5 43. Bxb5 axb5 44. Kd4 f5 45.
Kc3 Kf6 46. Kb4 Ke5 47. Kxb5 Kd4 48. Kxb6 Kxd3 49. Kc5 Ke4 50. Kd6 Kf3 51. Ke5
Kxg3 52. Kxf5 Kxh3 53. Kf4 Kh4 54. Kf3 Kg5 55. Kg3 f5 0-1

[Event "Hazel Park (MCO/5/34)"]
[Site "?"]
[Date "1987.??.??"]
[Round "?"]
[White "Towsley, J.."]
[Black "Ruark, D.."]
[Result "1/2-1/2"]
[WhiteElo "1750"]
[BlackElo "1695"]
[PlyCount "120"]
[EventDate "1987.??.??"]

{5/(34)} 1. Nf3 d5 2. c4 Nf6 3. g3 e6 4. Bg2 Be7 5. O-O O-O 6. b3 dxc4 7. bxc4
c6 8. d4 b6 9. Ne5 Bb7 10. Nc3 Nfd7 11. f4 Nxe5 12. fxe5 Bg5 13. Bxg5 Qxg5 14.
Ne4 Qe3+ 15. Kh1 Nd7 16. Nd6 Rab8 17. Nxb7 Rxb7 18. Bxc6 Rc7 19. Rf3 Qg5 20.
Bxd7 Rxd7 21. Rd3 f6 22. exf6 Rxf6 23. Rf3 Rxf3 24. exf3 Qe3 25. d5 h6 26. Kg2
exd5 27. cxd5 Qc5 28. Qe2 Qxd5 29. Rc1 Qd2 30. Rc8+ Kh7 31. Rc2 Qxe2+ 32. Rxe2
g6 33. f4 Kg7 34. g4 b5 35. Kf3 Kf6 36. h4 a5 37. Re5 Rd2 38. Rxb5 Rxa2 39.
Rb6+ Kg7 40. f5 gxf5 41. gxf5 Ra1 42. Kg4 a4 43. Kh5 Rf1 44. Rg6+ Kf7 45. Kxh6
Rxf5 46. Rg7+ Kf6 47. Ra7 Rf4 48. h5 Rg4 49. Kh7 Kg5 50. Ra5+ Kh4 51. h6 Rc4
52. Ra8 Rg4 53. Kh8 Kh5 54. h7 Kh6 55. Ra6+ Kh5 56. Ra8 Kh6 57. Rg8 Rc4 58. Re8
Rc6 59. Rg8 a3 60. Rg2 Rc8+ 1/2-1/2

[Event "Hazel Park (MCO/1/46)"]
[Site "?"]
[Date "1987.??.??"]
[Round "?"]
[White "Towsley, J.."]
[Black "Peak, F.."]
[Result "1/2-1/2"]
[WhiteElo "1750"]
[BlackElo "1605"]
[PlyCount "55"]
[EventDate "1987.??.??"]

{1/(46)} 1. Nf3 Nf6 2. g3 c5 3. c4 Nc6 4. Nc3 e5 5. d3 b6 6. Bg2 d5 7. cxd5
Nxd5 8. Nxd5 Qxd5 9. O-O Be7 10. Bd2 O-O 11. Bc3 Qd6 12. Nd2 Be6 13. Nc4 Qc7
14. Bxc6 Qxc6 15. Nxe5 Qc7 16. e3 Bh3 17. Re1 Bf6 18. Qh5 Qc8 19. g4 Bxe5 20.
Qxh3 Bxc3 21. bxc3 Qd7 22. d4 f5 23. gxf5 Rxf5 24. Qh4 Raf8 25. Re2 Rf3 26. Rd1
Rh3 27. Qe4 Re8 28. Qf4 1/2-1/2

[Event "Hazel Park (MCO/4/24)"]
[Site "?"]
[Date "1987.??.??"]
[Round "?"]
[White "Thurman, John"]
[Black "Thompson, Dexter"]
[Result "0-1"]
[WhiteElo "1735"]
[BlackElo "2300"]
[PlyCount "22"]
[EventDate "1987.??.??"]

{4/(24)} 1. c4 e6 2. Nf3 d5 3. b3 c5 4. e3 Nc6 5. Bb2 Nf6 6. d3 d4 7. Be2 e5 8.
Nbd2 Bd6 9. e4 Nh5 10. Nxe5 Nxe5 11. Bxh5 Nxd3+ 0-1

[Event "Lansing (MI Op/1b/20)"]
[Site "?"]
[Date "1987.??.??"]
[Round "?"]
[White "Thurman, John"]
[Black "Stanfield, L.."]
[Result "0-1"]
[WhiteElo "1795"]
[BlackElo "1960"]
[PlyCount "66"]
[EventDate "1987.??.??"]

1. c4 c5 2. Nf3 Nc6 3. d4 cxd4 4. Nxd4 Nf6 5. Nc3 g6 6. e4 d6 7. Be2 Bg7 8. Be3
O-O 9. O-O Bd7 10. Qd2 Ng4 11. Bxg4 Bxg4 12. f4 Nxd4 13. Bxd4 Bd7 14. Rf2 a6
15. Bxg7 Kxg7 16. Qd4+ f6 17. f5 g5 18. h4 h6 19. g4 b5 20. Nd5 Bc6 21. Rc1
Bxd5 22. cxd5 Qa5 23. b4 Qa3 24. Rc3 Qa4 25. Rfc2 a5 26. a3 axb4 27. axb4 Kf7
28. h5 Qa1+ 29. Rc1 Qb2 30. R1c2 Ra1+ 31. Kf2 Qb1 32. Rd2 Qf1+ 33. Kg3 Qf4+ 0-1

[Event "Hazel Park (MCO/1/48)"]
[Site "?"]
[Date "1987.??.??"]
[Round "?"]
[White "Thurman, John"]
[Black "Metzelaar, J.."]
[Result "1/2-1/2"]
[WhiteElo "1735"]
[BlackElo "1605"]
[PlyCount "81"]
[EventDate "1987.??.??"]

{1/(48)} 1. c4 Nf6 2. Nf3 g6 3. Nc3 d5 4. cxd5 Nxd5 5. Qb3 Nxc3 6. bxc3 Bg7 7.
Rb1 O-O 8. e4 c5 9. Be2 Nc6 10. O-O b6 11. d3 Be6 12. c4 Nd4 13. Nxd4 Bxd4 14.
Kh1 Qd7 15. Bb2 Rfd8 16. Bxd4 Qxd4 17. Qb2 Qxb2 18. Rxb2 Rd4 19. f4 f5 20. e5
Rad8 21. a4 Rb8 22. a5 Bd7 23. axb6 axb6 24. g3 b5 25. cxb5 Rxb5 26. Rc2 Bc6+
27. Kg1 Bd5 28. Rfc1 Kf7 29. Kf2 Bb7 30. Rxc5 Rxc5 31. Rxc5 Ba6 32. Ra5 Bb7 33.
Ke3 Rb4 34. Ra3 Bd5 35. h4 h5 36. Bf3 Bxf3 37. Kxf3 Rb6 38. Ke3 Ke6 39. Kd4 Rb2
40. Ra6+ Kf7 41. Ke3 1/2-1/2

[Event "Lansing (MI Op/3/36)"]
[Site "?"]
[Date "1987.??.??"]
[Round "?"]
[White "Thurman, John"]
[Black "Harrold, Alvin"]
[Result "0-1"]
[WhiteElo "1795"]
[BlackElo "1860"]
[PlyCount "40"]
[EventDate "1987.??.??"]

{3/(36)} 1. c4 Nf6 2. Nf3 e6 3. b3 Be7 4. Bb2 O-O 5. g3 b6 6. Bg2 Bb7 7. O-O c5
8. d3 d5 9. e3 Nc6 10. Nbd2 d4 11. exd4 Nxd4 12. Bxd4 cxd4 13. Qe2 Bc5 14. Rfe1
Re8 15. a3 a5 16. Rab1 Bxa3 17. Qe5 Bc5 18. Rb2 Qd7 19. b4 Bxb4 20. Nxd4 Bxg2
0-1

[Event "Lansing (MI Op/6/35)"]
[Site "?"]
[Date "1987.??.??"]
[Round "?"]
[White "Thurman, John"]
[Black "Brattin, Brian"]
[Result "1-0"]
[WhiteElo "1795"]
[BlackElo "1645"]
[PlyCount "69"]
[EventDate "1987.??.??"]

{6/(35)} 1. c4 e5 2. Nc3 Nf6 3. g3 d5 4. cxd5 Nxd5 5. Bg2 c6 6. Nf3 Bd6 7. O-O
Be6 8. d3 f6 9. Bd2 Qd7 10. a3 Na6 11. b4 Nac7 12. Rb1 O-O 13. Qc2 Nxc3 14.
Bxc3 Bh3 15. d4 Bxg2 16. Kxg2 exd4 17. Nxd4 Kh8 18. Rfd1 Nd5 19. Ba1 Qc7 20.
Ne6 Qe7 21. Nxf8 Rxf8 22. e4 Nc7 23. f4 Re8 24. Qd3 Nb5 25. a4 Na3 26. Qxa3
Qxe4+ 27. Qf3 Qc2+ 28. Kh3 Re2 29. Rh1 Rxh2+ 30. Rxh2 Qxb1 31. Re2 Qxb4 32.
Re8+ Bf8 33. Qc3 Qd6 34. Qd4 Qa3 35. Bb2 1-0